Normal view MARC view
  • Universidad de Santo Domingo

Entry Nombre Corporativo

Number of records used in: 1

001 - NÚMERO DE CONTROL

  • campo de control: 51738

003 - IDENTIFICADOR DE NUMERO DE CONTROL

  • campo de control: UPN

005 - FECHA Y HORA DE LA ÜLTIMA TRANSACCIÓN

  • campo de control: 20240426100945.0

008 - DATOS DE LONGITUD FIJA

  • campo de control de longitud fija: 240426|| aca||aabn | a|a d

040 ## - FUENTE DE CATALOGACIÓN

  • Agencia original de catalogación: MX-MxUPN
  • Lenguaje de catalogación: spa
  • Agencia transcribe: Mx-MxUPN

110 2# - ENCABEZAMIENTO - NOMBRE CORPORATIVO

  • Nombre corporativo o de jurisdicción como elemento de entrada : Universidad de Santo Domingo

370 ## - LUGAR ASOCIADO

  • Fuente del término: $naf
  • Other associated place: Ciudad Trujillo (República Dominicana)

670 ## - FUENTE EN LA QUE SE LOCALIZARON DATOS

  • Cita de la fuente : LC, 26 abril 2024 :
  • Información localizada: (Universidad de Santo Domingo)
  • Uniform Resource Identifier: https://lccn.loc.gov/n80013617

670 ## - FUENTE EN LA QUE SE LOCALIZARON DATOS

  • Cita de la fuente : Knight, M. N. Los americanos en Santo Domingo : estudios de imperialismo americano, 1939 :
  • Información localizada: portada (sello con tinta azul Biblioteca de la Universidad de Santo Domingo Ciudad Trujillo)

902 ## - CATALOGADOR

  • Catalogador: MaríaRobles/260424